000
00196cam a2200097ua 4500
003
OSt
008
231114b |||||||| |||| 00| 0 eng d
041
_a
hin
245
_a
Dhar ke idar udar /
942
_c
BK
999
_c
909
_d
909